The theory of splines and their applications /

Guardado en:
Autor Principal: Ahlberg, J. H.
Otros Autores: Nilson, Edwin N., Walsh, J. L. 1895-
Formato: Libro
Idioma:English
Publicado: New York ; London : Academic Press, 1967.
Series:Mathematics in science and engineering ; v. 38
Etiquetas: Agregar Etiqueta
Sin Etiquetas, Sea el primero en etiquetar este registro!
LEADER 00741cam a22002055 4500
001 MAT.inmabb001767
008 740801s1967####nyu######b####001#0#eng#d
005 20150706152314.0
245 1 4 |a The theory of splines and their applications /  |c J.H. Ahlberg, E.N. Nilson, J.L. Walsh. 
260 |a New York ;  |a London :  |b Academic Press,  |c 1967. 
300 |a xi, 284 p. ;  |c 24 cm. 
440 0 |a Mathematics in science and engineering ;  |v v. 38 
504 |a Bibliografía: p. 277-280. 
510 4 |a MR,  |c 39 #684 
100 1 |a Ahlberg, J. H.  |q (J. Harold) 
700 1 |a Nilson, Edwin N.  |q (Edwin Norman) 
700 1 |a Walsh, J. L.  |q (Joseph Leonard),  |d 1895- 
084 |a 41A15 (65D07)  |2 msc2000 
010 |a  66030115  
859 |h 41  |i Ah285  |p A-3130  |b BIB. MATEMATICA